00728nam a22001932 4500001001100000005001700011008004100028020001700069040001500086100003500101245009800136250001300234260003200247300001500279630014600294650004700440650004400487852000300531000002456120151217152304.0140108s xx 000 0 eng d a0199812868 : aKABUcKABU1 aRoberts, Jessie N.@000018484710aInternational trademark classification :ba guide to the Nice agreement /cJessie N. Roberts. a4th ed. aOOxford :bO. U. P.,c2012. ax, 584 p.00aNice Agreement Concerning International Classification of Goods and Services for the Purposes of the Registration of Marksd1977.@0000184848 0aTrademarks (International law)@0000184849 0aTrademarksxClassification.@00001848501